Welcome to Marium Abdulla Library

Embrace knowledge with a breath of fresh air.

Browse Collection

Marium Abdulla Library

The Complete Work of Michelangelo:(Vol-1)/ (Record no. 14535)

MARC details
000 -LEADER
fixed length control field 01705cam a22003131 4500
001 - CONTROL NUMBER
control field 20883
003 - CONTROL NUMBER IDENTIFIER
control field IVS
005 - DATE AND TIME OF LATEST TRANSACTION
control field 20260408161320.0
008 - FIXED-LENGTH DATA ELEMENTS--GENERAL INFORMATION
fixed length control field 751022s1966 enkaf b 000 0 eng
010 ## - LIBRARY OF CONGRESS CONTROL NUMBER
LC control number 66069088
015 ## - NATIONAL BIBLIOGRAPHY NUMBER
National bibliography number GB66-20627
035 ## - SYSTEM CONTROL NUMBER
System control number (OCoLC)1724209
040 ## - CATALOGING SOURCE
Original cataloging agency DLC
Transcribing agency FU
Modifying agency OCoLC
-- Uk
-- DLC
042 ## - AUTHENTICATION CODE
Authentication code premarc
050 00 - LIBRARY OF CONGRESS CALL NUMBER
Classification number ND623.B9
Item number S34 1966
082 ## - DEWEY DECIMAL CLASSIFICATION NUMBER
Classification number 709.45 SAL
Item number 20883
Edition information 23
100 0# - MAIN ENTRY--PERSONAL NAME
Personal name Salmi, Mario
245 14 - TITLE STATEMENT
Title The Complete Work of Michelangelo:(Vol-1)/
Statement of responsibility, etc. [edited] by Mario Salmi.
260 ## - PUBLICATION, DISTRIBUTION, ETC.
Place of publication, distribution, etc. London,
Name of publisher, distributor, etc. Macdonald & Co. Publishers
Date of publication, distribution, etc. [1966]
300 ## - PHYSICAL DESCRIPTION
Extent 272 p.
Other physical details illus. 32 col. plates.
504 ## - BIBLIOGRAPHY, ETC. NOTE
Bibliography, etc. note Bibliography: v. 2, pp. 585-593.
520 ## - SUMMARY, ETC.
Summary, etc. Contemporaries saw Michelangelo as the greatest artist of all time, recognizing in his creations an inspiration more divine than human. Today our appreciation of Michelangelo's sublime vision, and of his matchless gifts as sculptor, painter, architect and poet, has been strengthened and enriched by the perspective of four centuries. And Michelangelo himself has become the archetype of the artist of genius - dedicated, solitary, single-minded, tormented, unsatisfied and undefeated. In this lucid and authoritative introduction to Michelangelo's life and work, Linda Murray explores the political and religious context of his career, the recurring themes in his work and the complex symbolism and iconography of his greatest masterpieces.
Expansion of summary note Book jacket.
650 ## - SUBJECT ADDED ENTRY--TOPICAL TERM
Topical term or geographic name entry element renaissance history
Form subdivision Michelangelo
650 ## - SUBJECT ADDED ENTRY--TOPICAL TERM
Topical term or geographic name entry element Paintings/Painters
Geographic subdivision Italy
650 ## - SUBJECT ADDED ENTRY--TOPICAL TERM
Topical term or geographic name entry element Artists--Italy--Biography
700 1# - ADDED ENTRY--PERSONAL NAME
Personal name Salmi, Mario,
Dates associated with a name 1889-1980,
Relator term ed.
906 ## - LOCAL DATA ELEMENT F, LDF (RLIN)
a 7
b cbc
c oclcrpl
d u
e ncip
f 19
g y-gencatlg
942 ## - ADDED ENTRY ELEMENTS (KOHA)
Source of classification or shelving scheme Dewey Decimal Classification
Koha item type Book
Suppress in OPAC No
Holdings
Date last seen Total checkouts Full call number Barcode Price effective from Koha item type Lost status Source of classification or shelving scheme Damaged status Not for loan Collection Withdrawn status Home library Current library Shelving location Date acquired Source of acquisition Cost, normal purchase price
10/19/2022   709.45 SAL 20883 10/19/2022 Book   Dewey Decimal Classification     Fine Arts   Marium Abdulla Library Marium Abdulla Library Non-Ref 08/31/2022 Yasmin Mehta 1987.00